000 00547cam a22002291 4500
001 7432768
005 20180221041724.0
008 720126s1951 nyua 000 0 eng
010 _a 51011899
015 _aGB52-10726
035 _a(OCoLC)228900
040 _aDLC
_cODaWU
_dOCoLC
_dUk
_dDLC
041 _aeng
042 _apremarc
080 _a658
082 _a658 DAV
100 1 _a54
101 _aLID
245 1 4 _aThe fundamentals of top management.
906 _a7
_bcbc
_coclcrpl
_du
_encip
_f19
_gy-gencatlg
942 _2ddc
_cBK
999 _c43014
_d43014